Keralabhashayude Vikaasaparinaamangal Part 1/ (Record no. 144693)

000 -LEADER
fixed length control field 00434nam a22001457a 4500
082 ## - DEWEY DECIMAL CLASSIFICATION NUMBER
Classification number M 494.812 09
Item number KUN/K
100 ## - MAIN ENTRY--AUTHOR NAME
Personal name Kunjan Pillai Ilamkulam
245 ## - TITLE STATEMENT
Title Keralabhashayude Vikaasaparinaamangal Part 1/
Statement of responsibility, etc by Kunjan Pillai Ilamkulam
260 ## - PUBLICATION, DISTRIBUTION, ETC. (IMPRINT)
Place of publication Kottayam:
Name of publisher Sahitya Pravarthaka Cooperative,
Year of publication 1997.
300 ## - PHYSICAL DESCRIPTION
Number of Pages 208p.
650 ## - SUBJECT ADDED ENTRY--TOPICAL TERM
Topical Term Language Malayalam History
650 ## - SUBJECT ADDED ENTRY--TOPICAL TERM
Topical Term Language Malayalam
650 ## - SUBJECT ADDED ENTRY--TOPICAL TERM
Topical Term Language
942 ## - ADDED ENTRY ELEMENTS (KOHA)
Koha item type Book
Holdings
Withdrawn status Lost status Damaged status Not for loan Permanent Location Current Location Shelving location Date acquired Cost, normal purchase price Full call number Accession Number Price effective from Koha item type
        Sree Sankaracharya University of Sanskrit Sree Sankaracharya University of Sanskrit Stacks 16.03.2020 46.00 M 494.812 09 KUN/K 099468 16.03.2020 Book